Chevy and Ford Cars and Trucks 3 Quiz Stats

 Plays Quiz not verified by Sporcle

Score 0/25 Timer 06:00
0 Plays Today
Make Type % Correct
Truck FordF150
90.2%
Truck FordF250
84.4%
Truck FordF350
82.4%
Truck FordF450
79.5%
Truck FordF550
78.5%
Truck FordF650
78%
Truck FordF750
70.7%
Truck FordF850
67.8%
SUV FordExplorer
62%
Coupe ChevroletCamaro
57.6%
Truck ChevroletSilverado 1500
56.6%
Truck ChevroletSilverado 2500
56.6%
Coupe FordMustang
56.6%
Make Type % Correct
Truck ChevroletSilverado 3500
56.1%
SUV FordExpedition
47.8%
SUV ChevroletSuburban
47.3%
Sedan or Coupe FordFocus
42%
SUV/Crossover FordEdge
37.6%
SUV Ford Escape
36.1%
Sedan or Coupe ChevroletCobalt
28.8%
SUV/TRUCK FordExcursion
28.8%
SUV/Crossover FordFlex
23.9%
SUV ChevroletEquinox
22.9%
SUV ChevroletTraverse
20%
SUV/TruckTransit-Connect
13.2%

You're not logged in!

Compare scores with friends on all Sporcle quizzes.
OR
Log In

Show Comments

Extras

Top Quizzes Today


Score Distribution

Your Account Isn't Verified!

In order to create a playlist on Sporcle, you need to verify the email address you used during registration. Go to your Sporcle Settings to finish the process.

Report this User

Report this user for behavior that violates our Community Guidelines.

Details: